Подробности
| 000 -МАРКЕР |
| контрольное поле |
02228nam0a2200325 4500 |
| 001 - ИДЕНТИФИКАТОР ЗАПИСИ |
| контрольное поле |
RU\NLR\bibl\975923 |
| 005 - ИДЕНТИФИКАТОР ВЕРСИИ |
| контрольное поле |
20260405112254.0 |
| 021 ## - НОМЕР ГОСУДАРСТВЕННОЙ РЕГИСТРАЦИИ |
| Код страны |
российская федерация |
| Номер |
2006-38033 |
| Номер Листа государственной регистраци |
1912 |
| 035 ## - ДРУГИЕ СИСТЕМНЫЕ НОМЕРА |
| Идентификатор записи |
(NLR Aleph) 000963848 |
| 100 ## - ДАННЫЕ ОБЩЕЙ ОБРАБОТКИ |
| Данные общей обработки |
20060817d2006 |||y0rusy50 ca |
| 101 0# - ЯЗЫК РЕСУРСА |
| Язык текста, звукозаписи и т.д. |
русский |
| 102 ## - СТРАНА ПУБЛИКАЦИИ ИЛИ ПРОИЗВОДСТВА |
| Страна публикации |
российская федерация |
| 105 ## - ПОЛЕ КОДИРОВАННЫХ ДАННЫХ: ТЕКСТОВЫЕ МАТЕРИАЛЫ, МОНОГРАФИЧЕСКИЕ |
| Кодированные данные о монографическом текстовом документе |
a ||||||||| |
| 200 1# - ЗАГЛАВИЕ И СВЕДЕНИЯ ОБ ОТВЕТСТВЕННОСТИ |
| Основное заглавие |
Организация и процедуры действий при чрезвычайных и аварийных ситуациях на танкерах |
| Сведения, относящиеся к заглавию |
учебное пособие |
| -- |
[для курсантов морских учебных заведений по дисциплине "Безопасность плавания"] |
| Первые сведения об ответственности |
А.В. Артемьев, В.Ф. Чернышев, В.Д. Артемьев |
| Последующие сведения об ответственности |
Федер. гос. образоват. учреждение высш. проф. образования "Морск. гос. акад. им. адмирала Ф.Ф. Ушакова" |
| 210 ## - ПУБЛИКАЦИЯ, РАСПРОСТРАНЕНИЕ И ДР. |
| Место издания, распространения и т.д. |
Новороссийск |
| Имя издателя, распространителя и т. д. |
НГМА |
| Дата издания, распространения и т.д. |
2006 |
| 215 ## - ФИЗИЧЕСКАЯ ХАРАКТЕРИСТИКА |
| Специфическое обозначение материала и объем |
82,[2] с. |
| Другие сведения о физической характеристике |
ил. |
| Размеры |
21 |
| 320 ## - ПРИМЕЧАНИЯ О НАЛИЧИИ В ДОКУМЕНТЕ БИБЛИОГРАФИИ / УКАЗАТЕЛЯ |
| Текст примечания |
Библиогр.: с. 82 (27 назв.) |
| 606 1# - НАИМЕНОВАНИЕ ТЕМЫ КАК ПРЕДМЕТ |
| Наименование темы |
Нефтеналивные суда |
| Формальный подзаголовок |
Учебные издания для высших учебных заведений |
| Тематический подзаголовок |
Безопасность плавания |
| Системный номер авторитетной/нормативной записи |
2084145 |
| Идентификатор авторитетной/нормативной записи |
RU\NLR\auth\661260225 |
| 606 1# - НАИМЕНОВАНИЕ ТЕМЫ КАК ПРЕДМЕТ |
| Наименование темы |
Нефтеналивные суда |
| Формальный подзаголовок |
Учебные издания для высших учебных заведений |
| Тематический подзаголовок |
Аварии и происшествия |
| Системный номер авторитетной/нормативной записи |
2401090 |
| Идентификатор авторитетной/нормативной записи |
RU\NLR\auth\661431254 |
| 686 ## - ИНДЕКСЫ ДРУГИХ КЛАССИФИКАЦИЙ |
| Индекс |
О425.144.1-082.03я73-1 |
| 700 #1 - ИМЯ ЛИЦА - ПЕРВИЧНАЯ ОТВЕТСТВЕННОСТЬ |
| Код отношения |
Автор |
| Материалы, к которым относится поле |
rus |
| Графика поля |
Кириллица |
| Начальный элемент ввода |
Артемьев |
| Часть имени, кроме начального элемента ввода |
А. В. |
| Дополнения к именам, кроме дат |
канд. техн. наук, безопасность плавания |
| Расширение инициалов личного имени |
Андрей Владимирович |
| Идентификатор авторитетной/нормативной записи |
RU\NLR\auth\7743151 |
| Системный номер авторитетной/нормативной записи |
26094 |
| 701 #1 - ИМЯ ЛИЦА - АЛЬТЕРНАТИВНАЯ ОТВЕТСТВЕННОСТЬ |
| Код отношения |
Автор |
| Материалы, к которым относится поле |
rus |
| Графика поля |
Кириллица |
| Начальный элемент ввода |
Чернышев |
| Часть имени, кроме начального элемента ввода |
В. Ф. |
| Дополнения к именам, кроме дат |
педагог, безопасность плавания |
| Расширение инициалов личного имени |
Валентин Федорович |
| Идентификатор авторитетной/нормативной записи |
RU\NLR\auth\7743130 |
| Системный номер авторитетной/нормативной записи |
26073 |
| 701 #1 - ИМЯ ЛИЦА - АЛЬТЕРНАТИВНАЯ ОТВЕТСТВЕННОСТЬ |
| Код отношения |
Автор |
| Материалы, к которым относится поле |
rus |
| Графика поля |
Кириллица |
| Начальный элемент ввода |
Артемьев |
| Часть имени, кроме начального элемента ввода |
В. Д. |
| Дополнения к именам, кроме дат |
педагог, безопасность плавания |
| Идентификатор авторитетной/нормативной записи |
RU\NLR\AUTH\7743128 |
| Системный номер авторитетной/нормативной записи |
26071 |
| 801 #0 - ИСТОЧНИК ЗАПИСИ |
| Страна |
российская федерация |
| Организация |
NLR |
| Дата составления |
20060817 |
| Правила каталогизации |
rcr |
| 801 #1 - ИСТОЧНИК ЗАПИСИ |
| Страна |
российская федерация |
| Организация |
NLR |
| Дата составления |
20060817 |
| 942 ## - ДОПОЛНИТЕЛЬНЫЕ ЭЛЕМЕНТЫ ЗАПИСИ (АБИС) |
| Тип экземпляра АБИС |
Книга |
| 980 ## - КОЛЛЕКЦИЯ |
| Название коллекции |
Национальная библиография |
| 980 ## - КОЛЛЕКЦИЯ |
| Название коллекции |
НБР |